[Event "Politiken Cup"]
[Site "Helsingor DEN"]
[Date "2009.07.19"]
[Round "3"]
[White "Christensen,Ca"]
[Black "Jorgensen,C"]
[Result "0-1"]
[WhiteElo "1808"]
[BlackElo "2013"]
[EventDate "2009.07.18"]

1. e4 c6 2. d4 d5 3. exd5 cxd5 4. Nf3 Bg4 5. Be2 Nf6 6. O-O e6 7. Bf4 Nc6
8. c3 Be7 9. Nbd2 O-O 10. Bd3 a6 11. Qc2 Rc8 12. Qb3 Na5 13. Qc2 b5 14. Ne5
Bh5 15. Ndf3 Bxf3 16. gxf3 Nc6 17. Be3 Nb4 18. Qd2 Nxd3 19. Qxd3 Qb6 20.
Kh1 Rfd8 21. Rg1 b4 22. Bh6 Ne8 23. Rg2 bxc3 24. bxc3 f6 25. Rag1 Bf8 26.
Ng4 e5 27. Be3 Qe6 28. Rg3 a5 29. Rh3 g6 30. Nh6+ Bxh6 31. Rxh6 e4 32. fxe4
dxe4 33. Qc2 Nd6 34. Rh4 Qc4 35. Rc1 a4 36. Qb2 f5 37. Qa3 Rd7 38. Bd2 Nb5
39. Qb2 Rb7 40. Rh3 Rcb8 41. Qc2 Na3 42. Qd1 Rb2 43. Bf4 Rd8 44. Ra1 Rxf2
45. Be5 e3 0-1

[Event "Politiken Cup"]
[Site "Helsingor DEN"]
[Date "2009.07.19"]
[Round "3"]
[White "Moe,P"]
[Black "Svendsen,Pet"]
[Result "1-0"]
[WhiteElo "1820"]
[BlackElo "1993"]
[EventDate "2009.07.18"]

1. e4 e5 2. Nf3 Nf6 3. Nxe5 d6 4. Nf3 Nxe4 5. d4 d5 6. Bd3 Nc6 7. O-O Be7
8. Re1 Bf5 9. c3 O-O 10. Bf4 Bf6 11. Qc2 g5 12. Be3 Bg6 13. Nfd2 Nd6 14.
Nf1 Qd7 15. Ng3 Rfe8 16. Nd2 Re7 17. Ndf1 Rae8 18. b3 Bg7 19. Qd2 Bxd3 20.
Qxd3 f5 21. Bd2 f4 22. Nh1 Ne4 23. f3 Nd6 24. Nf2 Qf5 25. Rxe7 Rxe7 26. Re1
Rxe1 27. Bxe1 Qe6 28. Bd2 Nf5 29. g3 fxg3 30. hxg3 h6 31. Kg2 a6 32. f4
gxf4 33. Bxf4 Nd6 34. Kf3 Ne7 35. Ne3 Ng6 36. Bxd6 Qxd6 37. Qf5 Ne7 38. Qf4
Qf6 39. Nfg4 Qe6 40. Qxc7 Qe4+ 41. Ke2 h5 42. Nf2 Qe6 43. Qxb7 Nc6 44. Qc7
Bh6 45. Nfd1 Bg5 46. b4 Bf6 47. Qf4 Ne7 48. a4 Kg7 49. g4 Ng6 50. Qf5 Kf7
51. gxh5 Qxf5 52. Nxf5 Nf4+ 53. Kf3 Nxh5 54. Kg4 Ng7 55. Nde3 Ke6 56. Nxg7+
Bxg7 57. b5 axb5 58. axb5 Kd6 59. Nf5+ 1-0

[Event "Politiken Cup"]
[Site "Helsingor DEN"]
[Date "2009.07.19"]
[Round "3"]
[White "Caceres,C"]
[Black "Hansen,ReR"]
[Result "0-1"]
[WhiteElo "1766"]
[BlackElo "1991"]
[EventDate "2009.07.18"]

1. c4 Nf6 2. Nc3 g6 3. Nf3 Bg7 4. e4 d6 5. Be2 c5 6. O-O Nc6 7. d3 O-O 8.
h3 a6 9. Bf4 Nd7 10. Qd2 Nde5 11. Nxe5 dxe5 12. Bh6 Nd4 13. Bxg7 Kxg7 14.
f4 Qd6 15. f5 b5 16. f6+ exf6 17. Nd5 f5 18. exf5 Bxf5 19. g4 Be6 20. Rf6
Qd8 21. g5 Bxd5 22. cxd5 Qxd5 23. h4 h6 24. Raf1 hxg5 25. hxg5 Ra7 26. b3
Rh8 27. Bf3 Nxf3+ 28. R1xf3 Qd4+ 29. Rf2 Rh3 30. Kf1 Rxd3 31. Qe2 c4 32.
R6f3 Rd7 33. bxc4 bxc4 34. Kg2 Rxf3 35. Qxf3 Qd5 36. Qxd5 Rxd5 37. Rf6 Rd2+
38. Kf3 Rxa2 39. Rc6 Ra3+ 40. Kg4 c3 41. Rc5 a5 42. Rxe5 Ra4+ 43. Kf3 Rc4
44. Re1 c2 45. Rc1 Kf8 46. Ke3 Rc5 0-1

[Event "Politiken Cup"]
[Site "Helsingor DEN"]
[Date "2009.07.19"]
[Round "3"]
[White "Pedersen,TR"]
[Black "Maechel,M"]
[Result "1-0"]
[WhiteElo "1987"]
[BlackElo "1731"]
[EventDate "2009.07.18"]

1. e4 e5 2. Nf3 d6 3. d4 Bg4 4. dxe5 Nd7 5. exd6 Bxd6 6. Be3 Ngf6 7. Bd3
Ne5 8. Nbd2 Bb4 9. Qe2 O-O 10. O-O-O Bxd2+ 11. Rxd2 c6 12. h3 Nxf3 13. gxf3
Be6 14. Bc4 Bxc4 15. Qxc4 Qa5 16. Rg1 Qh5 17. Rg3 h6 18. Qc3 Qh4 19. Bd4
Nh5 20. Rg4 Qxh3 21. Bxg7 Kh7 22. Bxf8 Rxf8 23. b3 Qf1+ 24. Kb2 Qb5 25. Rd1
c5 26. Rd5 f5 27. Rxc5 Qe8 28. Rc7+ Rf7 29. exf5 Qf8 30. Rc8 1-0

[Event "Politiken Cup"]
[Site "Helsingor DEN"]
[Date "2009.07.19"]
[Round "3"]
[White "Helin,M"]
[Black "Hein,Ja"]
[Result "1-0"]
[WhiteElo "1973"]
[BlackElo "1593"]
[EventDate "2009.07.18"]

1. e4 c5 2. Nc3 e6 3. Nf3 a6 4. d4 cxd4 5. Nxd4 Nc6 6. Be3 Nxd4 7. Bxd4 Nf6
8. e5 Ng8 9. Ne4 Qa5+ 10. c3 Qd5 11. Nd6+ Ke7 12. Qh5 Nh6 13. Rd1 g6 14.
Qh4+ 1-0

[Event "Politiken Cup"]
[Site "Helsingor DEN"]
[Date "2009.07.19"]
[Round "3"]
[White "Lyngsjo,H"]
[Black "Skovle,L"]
[Result "1-0"]
[WhiteElo "1943"]
[BlackElo "1677"]
[EventDate "2009.07.18"]

1. e4 Nf6 2. e5 Nd5 3. Nc3 Nxc3 4. bxc3 d6 5. f4 dxe5 6. fxe5 Qd5 7. Nf3
Bg4 8. d4 Qe4+ 9. Qe2 Bxf3 10. gxf3 Qxe2+ 11. Bxe2 Nd7 12. Rb1 Nb6 13. c4
O-O-O 14. Be3 e6 15. Rg1 g6 16. c3 Kb8 17. Bg5 Rd7 18. c5 Nd5 19. c6 1-0

[Event "Politiken Cup"]
[Site "Helsingor DEN"]
[Date "2009.07.19"]
[Round "3"]
[White "Rasmussen,Be"]
[Black "Justinussen,S"]
[Result "0-1"]
[WhiteElo "1724"]
[BlackElo "1942"]
[EventDate "2009.07.18"]

1. d4 d5 2. c4 e6 3. Nc3 Nf6 4. cxd5 exd5 5. Bg5 Be7 6. e3 O-O 7. Bd3 Nbd7
8. Nge2 Re8 9. O-O Nf8 10. Rc1 Bg4 11. f3 Be6 12. a3 Nh5 13. Bxe7 Qxe7 14.
e4 Rad8 15. e5 g6 16. f4 Ng7 17. Ng3 c6 18. f5 gxf5 19. Nxf5 Nxf5 20. Bxf5
Qg5 21. Bxe6 Rxe6 22. Rf3 Rg6 23. Rg3 Qh4 24. Ne2 Ne6 25. Rxg6+ hxg6 26.
Qd2 Kg7 27. Rf1 Rh8 28. h3 Qe4 29. Rf3 Rh4 30. Re3 Qb1+ 31. Kh2 Ng5 32. Nc3
Qf5 33. Rg3 Ne6 34. Rf3 Rf4 35. Qf2 Rxf3 36. gxf3 Ng5 37. Qg3 Nxf3+ 38. Kg2
Nxd4 39. Qe3 Ne6 40. Qxa7 Qc2+ 41. Qf2 Nf4+ 42. Kg3 Qxf2+ 43. Kxf2 Nd3+ 44.
Ke3 Nxb2 45. Kd4 Nc4 46. Nb1 Kh6 47. a4 Kg5 48. Nc3 Kf5 49. Nd1 Nxe5 50.
Ne3+ Ke6 51. Kc5 Nd7+ 0-1

[Event "Politiken Cup"]
[Site "Helsingor DEN"]
[Date "2009.07.19"]
[Round "3"]
[White "Kristensen,S"]
[Black "Rasmussen,M1"]
[Result "1/2-1/2"]
[WhiteElo "1565"]
[BlackElo "1870"]
[EventDate "2009.07.18"]

1. e4 c5 2. Nf3 e6 3. d4 cxd4 4. Nxd4 Nc6 5. Nxc6 bxc6 6. Bd3 Nf6 7. O-O d6
8. Nc3 Be7 9. Qf3 e5 10. h3 O-O 11. Be2 Be6 12. Qg3 Rb8 13. b3 Rb7 14. Kh1
Ne8 15. f4 exf4 16. Bxf4 Bf6 17. e5 dxe5 18. Bxe5 Bxe5 19. Qxe5 Nf6 20.
Rad1 Qc7 21. Qxc7 1/2-1/2

[Event "Politiken Cup"]
[Site "Helsingor DEN"]
[Date "2009.07.19"]
[Round "3"]
[White "Jensen,By"]
[Black "Gade,J"]
[Result "1-0"]
[WhiteElo "1817"]
[BlackElo "1535"]
[EventDate "2009.07.18"]

1. e4 e5 2. Bc4 Nf6 3. d4 exd4 4. Nf3 Bb4+ 5. Bd2 Bxd2+ 6. Qxd2 O-O 7. O-O
Nxe4 8. Qxd4 Nd6 9. Bd5 c6 10. Bb3 Nf5 11. Qf4 d5 12. Nbd2 Qd6 13. Qxd6
Nxd6 14. c4 dxc4 15. Nxc4 Nxc4 16. Bxc4 Bf5 17. Rfe1 Nd7 18. Nd4 Bg6 19.
Re7 Rad8 20. Rd1 Rfe8 21. Nxc6 bxc6 22. Rdxd7 Kf8 23. Kf1 Rxd7 24. Rxd7 Re7
25. Rd8+ Re8 26. Rxe8+ Kxe8 27. Ke2 Ke7 28. b4 f6 29. Ke3 Bf7 30. Bxf7 Kxf7
31. Kd4 Ke6 32. Kc5 Kd7 33. h4 h5 34. f3 f5 35. a3 Kc7 36. a4 Kd7 37. b5
cxb5 38. Kxb5 Kc7 39. Kc5 Kb7 40. Kb5 a6+ 41. Kc5 Kc7 42. f4 Kb7 43. Kd5
Kb6 44. Ke5 Ka5 45. Kxf5 Kxa4 46. Kg6 Kb3 47. Kxg7 a5 48. f5 a4 49. f6 a3
50. f7 a2 51. f8=Q a1=Q+ 52. Qf6 Qg1 53. Qf3+ Kc4 54. Kg6 Qb1+ 55. Kxh5
Qh7+ 56. Kg4 Qg6+ 57. Kh3 Qe6+ 58. Qg4+ 1-0

[Event "Politiken Cup"]
[Site "Helsingor DEN"]
[Date "2009.07.20"]
[Round "4"]
[White "Sebag,M"]
[Black "Malakhov,V"]
[Result "0-1"]
[WhiteElo "2531"]
[BlackElo "2707"]
[EventDate "2009.07.18"]

1. e4 c5 2. Nf3 d6 3. d4 cxd4 4. Nxd4 Nf6 5. Nc3 Nc6 6. Bg5 Bd7 7. Qd2 h6
8. Bxf6 gxf6 9. O-O-O Nxd4 10. Qxd4 Qa5 11. f4 Rc8 12. Kb1 Qc5 13. Qd3 e6
14. Be2 h5 15. f5 Qe5 16. Bf3 b5 17. Rhe1 Be7 18. Ne2 h4 19. Qd2 Bf8 20. h3
Ke7 21. Nd4 Bh6 22. Qd3 Qc5 23. c3 Bf4 24. Ne2 Be5 25. Qd2 Rb8 26. a3 a5
27. Nc1 Bg3 28. Rf1 Qb6 29. Nd3 e5 30. b4 a4 31. Nb2 Rhc8 32. Qd3 Rc7 33.
Rd2 Rbc8 34. Rc2 Bf4 35. Be2 Qe3 36. Qxe3 Bxe3 37. Nd1 Bf4 38. Bd3 Bc6 39.
Re1 d5 40. exd5 Bxd5 41. Bxb5 Bb3 42. c4 Bxc4 43. Bxc4 Rxc4 44. Rxc4 Rxc4
45. Nb2 Rc3 46. Nxa4 Rxa3 47. Nb6 Rd3 48. Kc2 Rd2+ 49. Kc3 Rxg2 50. Rd1
Rg3+ 51. Kc4 Rxh3 52. Nd5+ Ke8 53. b5 Rh2 54. b6 Rc2+ 55. Kb3 Rc8 56. Nxf6+
Ke7 57. Nd5+ Kf8 58. f6 Bg3 59. Ne7 Rb8 60. Kc4 e4 61. Nc6 Re8 62. Rd7 e3
63. Nd8 Re4+ 64. Kd5 Ke8 65. Rxf7 Kxd8 66. Ra7 Re5+ 67. Kd6 Rf5+ 68. Ke6
Rxf6+ 69. Kxf6 e2 0-1

[Event "Politiken Cup"]
[Site "Helsingor DEN"]
[Date "2009.07.20"]
[Round "4"]
[White "Nielsen,PH"]
[Black "Tazbir,M"]
[Result "1-0"]
[WhiteElo "2680"]
[BlackElo "2500"]
[EventDate "2009.07.18"]

1. d4 Nf6 2. c4 g6 3. f3 d5 4. cxd5 Nxd5 5. e4 Nb6 6. Nc3 Bg7 7. Be3 O-O 8.
Qd2 e5 9. d5 c6 10. h4 cxd5 11. exd5 N8d7 12. h5 Nf6 13. hxg6 fxg6 14.
O-O-O Bd7 15. Kb1 Rc8 16. d6 Nc4 17. Bxc4+ Rxc4 18. Nge2 Bf5+ 19. Ka1 Be6
20. Bg5 Qd7 21. Bxf6 Bxf6 22. Ne4 Bd8 23. N2c3 Rf7 24. Qe3 Qc6 25. Rc1 Qa6
26. b3 Rc8 27. Na4 b6 28. Ng5 Bxg5 29. Qxg5 b5 30. Qxe5 bxa4 31. Qxe6 Rxc1+
32. Rxc1 Qb6 33. Rc7 1-0

[Event "Politiken Cup"]
[Site "Helsingor DEN"]
[Date "2009.07.20"]
[Round "4"]
[White "Sargissian,G"]
[Black "Sethuraman,S"]
[Result "1-0"]
[WhiteElo "2667"]
[BlackElo "2455"]
[EventDate "2009.07.18"]

1. d4 d5 2. c4 e6 3. Nf3 Nf6 4. g3 Bb4+ 5. Bd2 Be7 6. Bg2 O-O 7. O-O c6 8.
Qc2 b6 9. Bf4 Ba6 10. b3 Nbd7 11. Rd1 Rc8 12. Nc3 h6 13. h3 Nh5 14. Bc1 f5
15. e3 Bd6 16. Ne2 Nhf6 17. Bb2 c5 18. Nf4 Qe8 19. dxc5 Bxc5 20. Qc3 Bd6
21. Qe1 Bxf4 22. exf4 dxc4 23. Rac1 cxb3 24. axb3 Nc5 25. Ne5 Nxb3 26. Rxc8
Qxc8 27. Nc6 Kh7 28. Nxa7 Qc4 29. Nc6 Nc5 30. Bxf6 Rxf6 31. Ne5 Qc2 32. Rd8
Nd3 33. Qe3 Nxe5 34. fxe5 Rf7 35. Qxb6 Bc4 36. Qb8 Qb3 37. Rh8+ Kg6 38.
Qxb3 Bxb3 39. Bc6 Re7 40. Be8+ Rxe8 41. Rxe8 Kf7 42. Rh8 Bd5 43. f4 Kg6 44.
Kf2 Kh5 45. h4 Bc4 46. Rg8 Kg6 47. Ke3 Kf7 48. Rc8 Bd5 49. Rc7+ 1-0

[Event "Politiken Cup"]
[Site "Helsingor DEN"]
[Date "2009.07.20"]
[Round "4"]
[White "Postny,E"]
[Black "Christensen,Bo"]
[Result "1-0"]
[WhiteElo "2647"]
[BlackElo "2277"]
[EventDate "2009.07.18"]

1. d4 Nf6 2. c4 g6 3. Nc3 Bg7 4. e4 d6 5. f3 O-O 6. Be3 e5 7. d5 Nh5 8. Qd2
Qh4+ 9. g3 Nxg3 10. Qf2 Nxf1 11. Qxh4 Nxe3 12. Qf2 Nxc4 13. Nb5 Na6 14. Rc1
Bd7 15. Nxc7 Nxc7 16. Rxc4 Na6 17. Ne2 f5 18. Ng3 Nc5 19. Rxc5 dxc5 20.
exf5 gxf5 21. Rg1 Be8 22. Qxc5 Kh8 23. Qe7 Rf7 24. Qe6 Rf6 25. Qxe5 Bg6 26.
Qc7 Re8+ 27. Kf2 Rb6 28. b3 Bd4+ 29. Kg2 Be5 30. Qc4 f4 31. Re1 Kg8 32. d6+
Bf7 33. Rxe5 Rxe5 34. Qc8+ Kg7 35. Qc3 Rbb5 36. d7 Kh6 37. d8=Q fxg3 38.
Qf6+ Bg6 39. Qd2+ 1-0

[Event "Politiken Cup"]
[Site "Helsingor DEN"]
[Date "2009.07.20"]
[Round "4"]
[White "Antonsen,M"]
[Black "Avrukh,B"]
[Result "0-1"]
[WhiteElo "2438"]
[BlackElo "2641"]
[EventDate "2009.07.18"]

1. d4 Nf6 2. c4 g6 3. Nc3 d5 4. cxd5 Nxd5 5. e4 Nxc3 6. bxc3 Bg7 7. Bc4 c5
8. Ne2 Nc6 9. Be3 O-O 10. O-O Bg4 11. f3 Bd7 12. Rb1 Qc7 13. Bd3 Rad8 14.
d5 Ne5 15. c4 f5 16. Bf4 e6 17. Qb3 Bc8 18. exf5 gxf5 19. Nc3 Qe7 20. Rbd1
Ng6 21. Bg3 e5 22. Bc2 Qg5 23. Kh1 h5 24. Ne2 h4 25. Bf2 b6 26. Rde1 Qh5
27. f4 exf4 28. Ng1 Ne5 29. Nf3 Ng4 30. Bxh4 Rde8 31. Be7 Rf7 32. Bd6 Re3
33. Rxe3 fxe3 34. Kg1 Qh6 35. Bb8 Rb7 36. Bg3 f4 37. Bh4 Ne5 38. Nxe5 Bxe5
39. Qd3 Rg7 40. Qe4 Qh5 41. Bd1 Bg4 42. Bxg4 Qxg4 43. Bg3 e2 44. Re1 fxg3
45. Qxe5 gxh2+ 46. Qxh2 Qd4+ 0-1

[Event "Politiken Cup"]
[Site "Helsingor DEN"]
[Date "2009.07.20"]
[Round "4"]
[White "Kuzubov,Y"]
[Black "Aloma Vidal,R"]
[Result "1-0"]
[WhiteElo "2635"]
[BlackElo "2418"]
[EventDate "2009.07.18"]

1. d4 Nf6 2. c4 g6 3. Nc3 Bg7 4. e4 d6 5. Be2 O-O 6. Nf3 e5 7. O-O Nc6 8.
d5 Ne7 9. b4 Nh5 10. Re1 f5 11. Nd2 Nf4 12. Bf1 g5 13. g3 Nfg6 14. exf5
Nxf5 15. Nce4 Nd4 16. Bg2 g4 17. Bb2 Ne7 18. Ng5 Nef5 19. Nge4 Qe8 20. c5
Qg6 21. Rc1 Rf7 22. a4 Bh6 23. b5 Bd7 24. cxd6 cxd6 25. Rc7 Be8 26. Rxf7
Bxf7 27. Nc4 Kh8 28. Nexd6 Nxd6 29. Nxe5 1-0

[Event "Politiken Cup"]
[Site "Helsingor DEN"]
[Date "2009.07.20"]
[Round "4"]
[White "Berg,K"]
[Black "Berg,E"]
[Result "0-1"]
[WhiteElo "2432"]
[BlackElo "2610"]
[EventDate "2009.07.18"]

1. g3 g6 2. Bg2 Bg7 3. d3 d6 4. e4 c5 5. f4 Nc6 6. Nf3 e6 7. O-O Nge7 8. c3
O-O 9. Be3 b6 10. d4 Ba6 11. Re1 cxd4 12. cxd4 d5 13. e5 Qd7 14. Qa4 Bc4
15. b3 Bd3 16. Rd1 b5 17. Qa3 Be2 18. Rd2 Bxf3 19. Bxf3 f6 20. Bg4 fxe5 21.
fxe5 Nf5 22. Bxf5 Rxf5 23. Qc1 b4 24. Rc2 Nxe5 25. dxe5 Bxe5 26. Nd2 Bxa1
27. Qxa1 e5 28. Qc1 Rf7 29. Rc6 Re8 30. Qc5 d4 31. Bh6 Qh3 32. Bg5 Qf5 33.
Bh6 Qf2+ 34. Kh1 Qe1+ 35. Kg2 Qe2+ 36. Kg1 Qf2+ 37. Kh1 Qe1+ 38. Kg2 Rf2+
39. Kh3 Qh1 40. Qxe5 Rxh2+ 41. Kg4 Rxe5 0-1

[Event "Politiken Cup"]
[Site "Helsingor DEN"]
[Date "2009.07.20"]
[Round "4"]
[White "Hillarp Persson,T"]
[Black "Veng,J"]
[Result "1-0"]
[WhiteElo "2596"]
[BlackElo "2243"]
[EventDate "2009.07.18"]

1. e4 e5 2. Nf3 Nc6 3. Bc4 Be7 4. O-O Nf6 5. d3 O-O 6. Re1 d6 7. c3 Na5 8.
Bb5 a6 9. Ba4 b5 10. Bc2 c5 11. Nbd2 Re8 12. Nf1 Bf8 13. Bg5 h6 14. Bh4 g6
15. Ne3 Bg7 16. Qd2 Rb8 17. h3 Kh8 18. Nd5 Kh7 19. a3 Be6 20. b4 Bxd5 21.
exd5 Nb7 22. bxc5 Nxc5 23. d4 e4 24. Nh2 Ncd7 25. a4 Qc7 26. axb5 axb5 27.
Rac1 e3 28. Rxe3 Nxd5 29. Rf3 N7b6 30. Bd3 Nc4 31. Qc2 Re6 32. Be4 Nf6 33.
Bxf6 Rxf6 34. Rxf6 Bxf6 35. Nf3 Kg7 36. Qb3 Qd7 37. Bd5 Nb6 38. Be4 Qe6 39.
Qxe6 fxe6 40. Bc6 Nd5 41. Bxd5 exd5 42. Rb1 Kf7 43. Kf1 Bd8 44. Ke2 Ba5 45.
Kd3 Rc8 46. Rb3 Rc4 47. Nd2 Ke6 48. Kc2 Rc8 49. Ra3 Bb4 50. Rb3 Ba5 51. Kd3
Rc4 52. h4 h5 53. g3 Kf5 54. Nf1 Kg4 55. Ne3+ Kf3 56. Nxd5 Kxf2 57. Rxb5
Ra4 58. Rb8 Kxg3 59. Rg8 Kxh4 60. Rxg6 Ra3 61. Rxd6 Kg3 62. Rg6+ Kf3 63.
Rf6+ Kg3 64. Ke4 h4 65. Rf3+ Kg4 66. Ne3+ Kg5 67. c4 Bd2 68. c5 Rc3 69.
Rf5+ Kg6 70. Nd5 Rc1 71. Nf4+ Bxf4 72. Rxf4 Kg5 73. Rf8 h3 74. Rh8 Rh1 75.
c6 h2 76. Kd5 Kf6 77. c7 Rc1 78. Rxh2 Rxc7 79. Kd6 Ra7 80. Rf2+ Kg7 81. d5
Ra8 82. Ke7 Ra7+ 83. Ke6 1-0

[Event "Politiken Cup"]
[Site "Helsingor DEN"]
[Date "2009.07.20"]
[Round "4"]
[White "Negi,P"]
[Black "Lund,E"]
[Result "1-0"]
[WhiteElo "2590"]
[BlackElo "2412"]
[EventDate "2009.07.18"]

1. e4 e5 2. Nf3 Nc6 3. Bc4 Bc5 4. b4 Bd6 5. O-O Nf6 6. Re1 O-O 7. Bb2 h6 8.
b5 Na5 9. Bf1 Re8 10. d4 exd4 11. Qd2 Qe7 12. a3 Nxe4 13. Qxa5 c5 14. bxc6
dxc6 15. Nbd2 f5 16. Bd3 1-0

[Event "Politiken Cup"]
[Site "Helsingor DEN"]
[Date "2009.07.20"]
[Round "4"]
[White "Nielsen,LA"]
[Black "Agrest,E"]
[Result "0-1"]
[WhiteElo "2233"]
[BlackElo "2590"]
[EventDate "2009.07.18"]

1. e4 c6 2. d4 d5 3. exd5 cxd5 4. Bd3 Nc6 5. c3 Qc7 6. f4 Nf6 7. Nf3 g6 8.
Ne5 Bg7 9. O-O Bf5 10. Na3 O-O 11. Nc2 e6 12. Bxf5 exf5 13. Ne3 Rad8 14.
Bd2 Ne4 15. Be1 f6 16. Nd3 Rfe8 17. Rf3 Qd7 18. Rh3 h5 19. Nf1 Qf7 20. b4
Rc8 21. Re3 Bh6 22. g3 Kh7 23. Qf3 Nd8 24. Rd1 b6 25. Re2 Nb7 26. Ne3 Nbd6
27. h4 Nb5 28. Rc2 Qe6 29. Rdc1 Nexc3 30. Bxc3 Qxe3+ 31. Kg2 Nd6 32. Rf2
Qe4 33. Bb2 Nc4 34. Ne1 Ne3+ 35. Kg1 Rxc1 36. Bxc1 Ng4 37. Qxe4 Rxe4 38.
Rf1 Rxd4 39. a3 Bf8 40. Kg2 a5 41. bxa5 bxa5 42. Nf3 Rc4 43. Bd2 Bxa3 44.
Ra1 Bb4 45. Bxb4 axb4 46. Ra7+ Kg8 47. Rb7 0-1

[Event "Politiken Cup"]
[Site "Helsingor DEN"]
[Date "2009.07.20"]
[Round "4"]
[White "Skytte,R"]
[Black "Hammer,J"]
[Result "1/2-1/2"]
[WhiteElo "2396"]
[BlackElo "2583"]
[EventDate "2009.07.18"]

1. c4 Nf6 2. Nc3 e5 3. Nf3 Nc6 4. e4 Bb4 5. d3 d6 6. g3 h6 7. Bg2 Bg4 8. a3
Bxc3+ 9. bxc3 O-O 10. h3 Bd7 11. Nh4 Ne7 12. Be3 c6 13. O-O g5 14. Nf3 Ng6
15. Ne1 Nh7 16. Rb1 b6 17. a4 c5 18. Ra1 Rb8 19. Nc2 f5 20. exf5 Bxf5 21.
Bc1 Nf6 22. Ne3 Be6 23. a5 b5 24. cxb5 Rxb5 25. a6 Ra5 26. Bd2 Qb6 27. Rxa5
Qxa5 28. Qa1 Qxa1 29. Rxa1 Rb8 30. c4 Rb3 31. Ba5 Kf7 32. Kf1 Ne7 33. Ke2
Nf5 34. Nc2 Rb2 35. Kd1 Nd4 36. Bc3 Rb3 37. Kd2 Bc8 38. Na3 Bxa6 39. Bxd4
exd4 40. Nc2 Rb6 41. h4 gxh4 42. gxh4 Kg6 43. Ra5 Ng4 44. Be4+ Kf6 45. f3
Nf2 46. Bh7 Nh3 47. Be4 Nf4 48. Nxd4 Bc8 49. Nc2 a6 50. Ra1 Be6 51. Ra5 Bf7
52. d4 Ne6 53. Kc3 cxd4+ 54. Nxd4 Nc5 55. Nf5 Ke5 56. Bc2 h5 57. Ne7 Rb7
58. Nf5 Rc7 59. f4+ Ke6 60. Ne3 Kf6 61. Ra1 d5 62. Nxd5+ Bxd5 63. cxd5 Ne6+
64. Kb2 Nxf4 65. Rxa6+ Ke5 66. d6 Rd7 67. Ba4 Rxd6 68. Rxd6 Kxd6 69. Be8
Ke7 70. Bxh5 Nxh5 71. Kc3 Kf6 72. Kd4 Kf5 73. Kd5 Kg4 74. Ke4 Kxh4 1/2-1/2

[Event "Politiken Cup"]
[Site "Helsingor DEN"]
[Date "2009.07.20"]
[Round "4"]
[White "Hector,J"]
[Black "Thorfinnsson,Br"]
[Result "1-0"]
[WhiteElo "2556"]
[BlackElo "2377"]
[EventDate "2009.07.18"]

1. e4 c5 2. Nf3 Nc6 3. Nc3 g6 4. d4 cxd4 5. Nxd4 Bg7 6. Be3 Nf6 7. Bc4 O-O
8. Bb3 a5 9. f3 d5 10. Bxd5 Nxd5 11. exd5 Nb4 12. Nde2 e6 13. O-O Nxd5 14.
Nxd5 exd5 15. Bd4 Bh6 16. Nc3 Re8 17. Re1 Be6 18. Qe2 Bf4 19. Rad1 Rc8 20.
g3 Bd6 21. Qf2 Qd7 22. Qe3 b5 23. Qg5 Qd8 24. Qxd8 Rexd8 25. Bf6 Rd7 26.
Nxb5 Rxc2 27. Rc1 Bc5+ 28. Kh1 Rxc1 29. Rxc1 Bf8 30. Nd4 Rb7 31. b3 a4 32.
bxa4 Ra7 33. Rb1 Rxa4 34. Rb8 Rb4 35. Ra8 Bh3 36. Kg1 Rb2 37. Nc6 1-0

[Event "Politiken Cup"]
[Site "Helsingor DEN"]
[Date "2009.07.20"]
[Round "4"]
[White "Bulski,K"]
[Black "Hansen,SuB"]
[Result "1/2-1/2"]
[WhiteElo "2392"]
[BlackElo "2554"]
[EventDate "2009.07.18"]

1. e4 e5 2. Nf3 Nc6 3. Bb5 a6 4. Ba4 Nf6 5. O-O Be7 6. Re1 b5 7. Bb3 d6 8.
c3 Na5 9. Bc2 c5 10. d4 Qc7 11. Nbd2 O-O 12. h3 cxd4 13. cxd4 Rd8 14. b3
Bb7 15. Bb2 Nc6 16. Rc1 Qb6 17. d5 Nb4 18. Bb1 a5 19. Qe2 Rdc8 20. Nf1 Na6
21. Rxc8+ Bxc8 22. Bc1 Bd7 23. Be3 Qb7 24. Rc1 Bd8 25. Ne1 Rc8 26. Rxc8
Qxc8 27. f3 Ne8 28. Bd3 Qb7 29. Bf2 Bb6 30. Ne3 Nb4 31. Bb1 Qc8 32. Qd2 Bd4
33. Nd1 Bxf2+ 34. Nxf2 Qc7 35. a3 Na6 36. b4 axb4 37. axb4 Qc4 38. Ned3 Qd4
39. g4 h6 40. Kg2 Nf6 41. Bc2 Nh7 42. Nd1 Nf8 43. Qc3 Qb6 44. Qe1 g5 45.
Qf2 Qc7 46. Bb3 Ng6 47. Qd2 Qb6 48. Qf2 Qc7 49. Qd2 Kh7 50. Kf1 f6 51. Ke2
h5 52. N1f2 Kh6 53. Nd1 Qb6 54. Qe3 Qc7 55. Kd2 Nf4 56. N1f2 Ng2 57. Qe2
Qb6 58. Nd1 Nf4 59. Qf2 Qxf2+ 60. N1xf2 Kg7 61. Bd1 1/2-1/2

[Event "Politiken Cup"]
[Site "Helsingor DEN"]
[Date "2009.07.20"]
[Round "4"]
[White "Rasmussen,A"]
[Black "Karlsson,J"]
[Result "1-0"]
[WhiteElo "2536"]
[BlackElo "2118"]
[EventDate "2009.07.18"]

1. e4 g6 2. d4 Bg7 3. Nc3 a6 4. a4 b6 5. Nf3 Bb7 6. Bc4 e6 7. O-O Ne7 8. d5
O-O 9. Bg5 h6 10. Bh4 g5 11. Bg3 Ng6 12. Qd2 Kh7 13. Rfe1 e5 14. d6 g4 15.
Nd4 exd4 16. dxc7 dxc3 17. cxd8=Q cxd2 18. Qxb6 dxe1=Q+ 19. Rxe1 Bc6 20.
Bd6 Rc8 21. Qa5 Bb5 22. Bxb5 Nc6 23. Bxc6 Rxc6 24. Qd5 Re8 25. e5 Re6 26.
c4 Rcxd6 27. Qxd6 Rxd6 28. exd6 a5 29. Re7 Ne5 30. c5 Bf6 31. Kf1 Kg7 32.
Re8 Nc6 33. Rc8 Bxb2 34. Rc7 Kf6 35. Rxd7 Ke6 36. Rc7 Kd5 37. Rxf7 Kxc5 38.
d7 Be5 39. Rh7 Bf4 40. Ke2 Bg5 41. Kd3 Kd5 42. h4 gxh3 43. gxh3 Ne5+ 44.
Ke2 Ke4 45. Rg7 Bf6 46. h4 Kf5 47. h5 Ke6 48. Rh7 Nxd7 49. Rxh6 Nf8 50. Kd3
Kf7 51. Kc4 Kg7 52. Rxf6 Kxf6 53. Kb5 Kg5 54. Kxa5 Ne6 55. Kb6 Nf4 56. Kc6
Nd3 57. Kb5 Nf4 58. a5 Nd5 59. Kc5 Nc7 60. Kd6 Na6 61. f4+ Kxh5 62. f5 Kg5
63. Ke5 Nb8 64. f6 Kg6 65. Ke6 Nc6 66. a6 Nd4+ 67. Kd7 Nb5 68. Ke7 Nc7 69.
f7 1-0

[Event "Politiken Cup"]
[Site "Helsingor DEN"]
[Date "2009.07.20"]
[Round "4"]
[White "Schandorff,L"]
[Black "Rossen,C"]
[Result "1/2-1/2"]
[WhiteElo "2510"]
[BlackElo "2188"]
[EventDate "2009.07.18"]

1. Nf3 c5 2. c4 Nf6 3. Nc3 d5 4. cxd5 Nxd5 5. d4 Nxc3 6. bxc3 g6 7. e4 Bg7
8. Qa4+ Nc6 9. Bb5 O-O 10. Be3 Bg4 11. Bxc6 Bxf3 12. gxf3 bxc6 13. Rd1 Qc8
14. h4 h5 15. Qc4 cxd4 16. cxd4 Rb8 17. Kf1 Kh7 18. Kg2 f5 19. d5 cxd5 20.
Qxc8 Rbxc8 21. Rxd5 fxe4 22. fxe4 Rc4 23. Ra5 1/2-1/2

[Event "Politiken Cup"]
[Site "Helsingor DEN"]
[Date "2009.07.20"]
[Round "4"]
[White "Agrest,S"]
[Black "Cmilyte,V"]
[Result "0-1"]
[WhiteElo "2260"]
[BlackElo "2470"]
[EventDate "2009.07.18"]

1. e4 c5 2. Nf3 e6 3. d3 Nc6 4. g3 g6 5. Bg2 Bg7 6. O-O Nge7 7. Re1 e5 8.
c3 d6 9. Nbd2 O-O 10. Nf1 h6 11. Be3 f5 12. Qc1 Kh7 13. h4 Ng8 14. h5 g5
15. exf5 Bxf5 16. Qd1 Nf6 17. d4 cxd4 18. cxd4 e4 19. N3h2 g4 20. Bc1 d5
21. Ne3 Qd7 22. Bf1 Nxh5 23. Nhxg4 Nxd4 24. Nh2 Bg6 25. Ng2 Qf7 26. Be3 Nf5
27. Bc5 Rfc8 28. Rc1 Nhxg3 29. Nf4 Nxf1 30. Rxf1 Bxb2 31. Rc2 Be5 32. Nxd5
Bh5 33. Qd2 Rg8+ 34. Kh1 Bf3+ 0-1

[Event "Politiken Cup"]
[Site "Helsingor DEN"]
[Date "2009.07.20"]
[Round "4"]
[White "Rolvag,M"]
[Black "Fries Nielsen,JO"]
[Result "1/2-1/2"]
[WhiteElo "2196"]
[BlackElo "2439"]
[EventDate "2009.07.18"]

1. c4 e6 2. Nc3 f5 3. d4 Nf6 4. e3 Bb4 5. Bd3 b6 6. Nge2 Bb7 7. O-O O-O 8.
a3 Bd6 9. f3 a5 10. Bd2 Na6 11. Be1 Nh5 12. Nb5 Be7 13. Ng3 Nxg3 14. Bxg3
Bh4 15. Bxh4 Qxh4 16. Qd2 Qe7 17. Rac1 d6 18. Bb1 Rad8 19. Rfe1 c5 20. e4
f4 21. Nc3 e5 22. dxe5 dxe5 23. Nd5 Qd6 24. Qc3 Nc7 25. Qb3 1/2-1/2

[Event "Politiken Cup"]
[Site "Helsingor DEN"]
[Date "2009.07.20"]
[Round "4"]
[White "Hvenekilde,J"]
[Black "Kristiansen,Jen"]
[Result "0-1"]
[WhiteElo "2179"]
[BlackElo "2435"]
[EventDate "2009.07.18"]

1. e4 c5 2. d3 Nc6 3. Nc3 g6 4. g3 Bg7 5. Bg2 d6 6. f4 e6 7. Nf3 Nge7 8.
Be3 Nd4 9. Qd2 O-O 10. O-O Rb8 11. Nd1 b6 12. c3 Nxf3+ 13. Bxf3 Bb7 14. g4
f5 15. Nf2 d5 16. Qe2 Qd7 17. Rad1 Rf7 18. Bc1 Re8 19. Rfe1 d4 20. c4 h6
21. h3 Ref8 22. Rf1 Bf6 23. Kg2 Bh4 24. Nh1 fxg4 25. hxg4 Rxf4 26. Bxf4
Rxf4 27. Kh3 Bg5 28. e5 h5 29. Bxb7 hxg4+ 30. Kh2 Qxb7 31. Qg2 g3+ 32. Kg1
Qxg2+ 33. Kxg2 Nf5 34. Rde1 Ne3+ 35. Rxe3 dxe3 36. Nxg3 Rxf1 37. Kxf1 Bf4
38. Ne2 Bxe5 39. b3 g5 40. Ng1 g4 41. Ne2 Kf7 42. Kg2 Kf6 43. Kf1 Kf5 44.
Kg2 Kf6 45. Kf1 Ke7 46. Kg2 Kd7 47. Kf1 Kc6 48. Kg2 Kb7 49. Kf1 Ka6 50. Kg2
Ka5 51. a3 Bb2 0-1